<?xml version="1.0" encoding="UTF-8"?>
<record
    xmlns:xsi="http://www.w3.org/2001/XMLSchema-instance"
    xsi:schemaLocation="http://www.loc.gov/MARC21/slim http://www.loc.gov/standards/marcxml/schema/MARC21slim.xsd"
    xmlns="http://www.loc.gov/MARC21/slim">

  <leader>01947nam a2200337 i 4500</leader>
  <controlfield tag="001">768714001</controlfield>
  <controlfield tag="003">CO-MdFUSB</controlfield>
  <controlfield tag="005">20260416160143.0</controlfield>
  <controlfield tag="007">ta</controlfield>
  <controlfield tag="008">241117t2010    -us||||| |||| 001 0 spa d</controlfield>
  <datafield tag="020" ind1=" " ind2=" ">
    <subfield code="a">9780882433561</subfield>
  </datafield>
  <datafield tag="040" ind1=" " ind2=" ">
    <subfield code="b">spa.</subfield>
    <subfield code="a">CO-MdFUSB</subfield>
    <subfield code="c">CO-MdFUSB</subfield>
    <subfield code="d">CO-MdFUSBC</subfield>
    <subfield code="e">rda</subfield>
  </datafield>
  <datafield tag="041" ind1=" " ind2=" ">
    <subfield code="a">spa</subfield>
  </datafield>
  <datafield tag="082" ind1=" " ind2=" ">
    <subfield code="2">23</subfield>
    <subfield code="a">220.07</subfield>
    <subfield code="b">M186 </subfield>
  </datafield>
  <datafield tag="110" ind1=" " ind2=" ">
    <subfield code="a">Vida Nueva</subfield>
  </datafield>
  <datafield tag="245" ind1="1" ind2="3">
    <subfield code="a">El maestro : </subfield>
    <subfield code="b">adultos</subfield>
    <subfield code="c">/ Vida Nueva </subfield>
  </datafield>
  <datafield tag="264" ind1=" " ind2="1">
    <subfield code="a">Springfield, Missouri : </subfield>
    <subfield code="b">Gospel Publishing House</subfield>
    <subfield code="c">[2010]</subfield>
  </datafield>
  <datafield tag="264" ind1=" " ind2="4">
    <subfield code="c">&#xA9;2010 </subfield>
  </datafield>
  <datafield tag="300" ind1=" " ind2=" ">
    <subfield code="a">208 p&#xE1;ginas</subfield>
    <subfield code="c">; 22 cm</subfield>
  </datafield>
  <datafield tag="336" ind1=" " ind2=" ">
    <subfield code="2">rdacontent</subfield>
    <subfield code="a">texto</subfield>
    <subfield code="b">txt</subfield>
  </datafield>
  <datafield tag="337" ind1=" " ind2=" ">
    <subfield code="2">rdamedia</subfield>
    <subfield code="a">sin mediaci&#xF3;n</subfield>
    <subfield code="b">n</subfield>
  </datafield>
  <datafield tag="338" ind1=" " ind2=" ">
    <subfield code="2">rdacarrier</subfield>
    <subfield code="a">volumen</subfield>
    <subfield code="b">nc</subfield>
  </datafield>
  <datafield tag="500" ind1=" " ind2=" ">
    <subfield code="a">Incluye &#xED;ndice</subfield>
  </datafield>
  <datafield tag="505" ind1=" " ind2=" ">
    <subfield code="t">Unidad 1:</subfield>
    <subfield code="a">Efesios: El eterno prop&#xF3;sito de Dios.-- El prop&#xF3;sito divino. -- Vivos en Cristo. - El misterio de la iglesia. -- El cumplimiento del prop&#xF3;sito de Dios.-- La experiencia de la resurrecci&#xF3;n.-- Sea fuerte en el Se&#xF1;or.</subfield>
    <subfield code="t">Unidad 2:</subfield>
    <subfield code="a">Lo que Cristo elogia. -- Un coraz&#xF3;n receptivo. -- Un coraz&#xF3;n contrito. -- La fe en la desesperaci&#xF3;n.-- Personas elogiadas por Cristo. -- Gratitud por la liberaci&#xF3;n. -- Por qu&#xE9; vino el Esp&#xED;ritu Santo.-- Una sorprendente generosidad.
</subfield>
    <subfield code="t">Unidad 3:</subfield>
    <subfield code="a">Los dos libros de Samuel.-- Samuel: profeta, sacerdote y juez.-- Dios concede un rey a Israel. -- Sa&#xFA;l, un fracaso como l&#xED;der. -- Dios escoge a un nuevo l&#xED;der. -- David convertido en rey. -- David y su adoraci&#xF3;n. -- David peca y se arrepiente. -- Las &#xFA;ltimas palabras de David.</subfield>
    <subfield code="t">Unidad 4:</subfield>
    <subfield code="a">El pecado y la santidad.-- El origen y la naturaleza del pecado. -- Las consecuencias del pecado. -- Los beneficios de la salvaci&#xF3;n. -- Vivir una vida santificada. -- La santidad es vivir como Cristo.

</subfield>
  </datafield>
  <datafield tag="563" ind1=" " ind2=" ">
    <subfield code="a">Pasta dura</subfield>
  </datafield>
  <datafield tag="650" ind1=" " ind2="0">
    <subfield code="a">Estudios b&#xED;blicos</subfield>
    <subfield code="9">1781</subfield>
  </datafield>
  <datafield tag="653" ind1=" " ind2=" ">
    <subfield code="a">Biblia &#x2014; Estudio y ense&#xF1;anza</subfield>
  </datafield>
  <datafield tag="653" ind1=" " ind2=" ">
    <subfield code="a">Educaci&#xF3;n cristiana de adultos</subfield>
  </datafield>
  <datafield tag="942" ind1=" " ind2=" ">
    <subfield code="c">BK</subfield>
  </datafield>
  <datafield tag="945" ind1=" " ind2=" ">
    <subfield code="a">Catherine Arias Alvarez</subfield>
  </datafield>
  <datafield tag="952" ind1=" " ind2=" ">
    <subfield code="0">0</subfield>
    <subfield code="1">0</subfield>
    <subfield code="2">ddc</subfield>
    <subfield code="3">0</subfield>
    <subfield code="4">0</subfield>
    <subfield code="7">0</subfield>
    <subfield code="8">GEN</subfield>
    <subfield code="a">FUSBC</subfield>
    <subfield code="b">FUSBC</subfield>
    <subfield code="d">2024-11-14</subfield>
    <subfield code="l">0</subfield>
    <subfield code="o">G 220.07 M186m</subfield>
    <subfield code="p">25292</subfield>
    <subfield code="r">2024-11-17 00:00:00</subfield>
    <subfield code="t">Ej. 1</subfield>
    <subfield code="w">2024-11-17</subfield>
    <subfield code="y">BK</subfield>
    <subfield code="B">0</subfield>
  </datafield>
  <datafield tag="999" ind1=" " ind2=" ">
    <subfield code="c">71209</subfield>
    <subfield code="d">71209</subfield>
  </datafield>
</record>
